[Event "Venezuela op 1st"]
[Site "Valencia"]
[Date "2017.12.09"]
[Round "7"]
[White "Briceno Quinones, Ruben Dario"]
[Black "Perez Camejo, Jesus"]
[Result "1-0"]
[WhiteElo "2095"]
[BlackElo "2150"]
[PlyCount "49"]
[EventDate "2017.12.06"]
[EventType "swiss"]
[EventRounds "7"]
[EventCountry "VEN"]
[SourceTitle "EXT 2019"]
[Source "ChessBase"]
[SourceDate "2018.10.10"]
[SourceVersion "1"]
[SourceVersionDate "2018.10.10"]
[SourceQuality "1"]

1. e4 c5 2. Nf3 e6 3. Nc3 a6 4. d4 cxd4 5. Nxd4 Qc7 6. Qf3 Nf6 7. Be3 Bb4 8. Nde2 0-0 9. a3 Bc5 10. Bf4 Bd6 11. 0-0-0 Bxf4+ 12. Nxf4 b5 13. g4 Bb7 14. Bd3 Nc6 15. g5 Ne5 16. Qe2 Ne8 17. Qe3 f6 18. Rhg1 fxg5 19. Rxg5 Rxf4 20. Kb1 Rf7 21. Be2 Nc4 22. Bxc4 Qxc4 23. Rc5 Rf3 24. Qxf3 Qxc5 25. Rxd7 1-0

[Event "Venezuela op 1st"]
[Site "Valencia"]
[Date "2017.12.08"]
[Round "5"]
[White "Escalona Landi, Samid Eduardo"]
[Black "Perez Camejo, Jesus"]
[Result "1/2-1/2"]
[WhiteElo "2063"]
[BlackElo "2150"]
[PlyCount "40"]
[EventDate "2017.12.06"]
[EventType "swiss"]
[EventRounds "7"]
[EventCountry "VEN"]
[SourceTitle "EXT 2019"]
[Source "ChessBase"]
[SourceDate "2018.10.10"]
[SourceVersion "1"]
[SourceVersionDate "2018.10.10"]
[SourceQuality "1"]

1. Nf3 g6 2. g3 Bg7 3. Bg2 d6 4. d4 Nf6 5. b3 0-0 6. Bb2 a5 7. 0-0 Nbd7 8. Nbd2 a4 9. c4 e5 10. Qc2 Re8 11. e3 h6 12. Rfc1 a3 13. Bc3 e4 14. Ne1 Qe7 15. b4 Nf8 16. c5 d5 17. Nb3 Bf5 18. Na5 Reb8 19. Qe2 Qe6 20. Nc2 N8h7 1/2-1/2

[Event "Valencia op 3rd"]
[Site "Valencia"]
[Date "2017.07.02"]
[Round "4"]
[White "Perez Camejo, Jesus"]
[Black "Ojeda, Argenis"]
[Result "1/2-1/2"]
[WhiteElo "2164"]
[BlackElo "1965"]
[PlyCount "25"]
[EventDate "2017.06.30"]
[EventType "swiss"]
[EventRounds "5"]
[EventCountry "VEN"]
[SourceTitle "EXT 2018"]
[Source "ChessBase"]
[SourceDate "2017.10.13"]
[SourceVersion "1"]
[SourceVersionDate "2017.10.13"]
[SourceQuality "1"]

1. e4 e5 2. Nf3 Nf6 3. Nxe5 d6 4. Nf3 Nxe4 5. Nc3 Nxc3 6. dxc3 Be7 7. Be3 0-0 8. Qd2 Nd7 9. 0-0-0 Ne5 10. h4 c6 11. Kb1 Qa5 12. h5 Be6 13. b3 1/2-1/2

[Event "Valencia op 3rd"]
[Site "Valencia"]
[Date "2017.07.01"]
[Round "2"]
[White "Perez Camejo, Jesus"]
[Black "Sanchez Alvarez, Kelvin Antonio"]
[Result "0-1"]
[WhiteElo "2164"]
[BlackElo "2227"]
[PlyCount "128"]
[EventDate "2017.06.30"]
[EventType "swiss"]
[EventRounds "5"]
[EventCountry "VEN"]
[SourceTitle "EXT 2018"]
[Source "ChessBase"]
[SourceDate "2017.10.13"]
[SourceVersion "1"]
[SourceVersionDate "2017.10.13"]
[SourceQuality "1"]

1. d4 g6 2. Nf3 Bg7 3. g3 f5 4. Bg2 Nf6 5. c4 0-0 6. Nc3 d6 7. 0-0 c6 8. b3 Qa5 9. Bb2 e5 10. dxe5 dxe5 11. e4 Na6 12. a3 Qc7 13. Re1 Nc5 14. exf5 e4 15. Ng5 Bxf5 16. Ncxe4 Nfxe4 17. Bxg7 Nxg5 18. Bxf8 Rxf8 19. Re3 h5 20. Qe2 Qf7 21. b4 Nce6 22. h4 Nd4 23. Qb2 Qf6 24. Ra2 Nf7 25. Qc3 Kg7 26. Rd2 Rd8 27. Kh1 Ne6 28. Rxd8 Qxc3 29. Rg8+ Kxg8 30. Rxc3 Nd6 31. f3 c5 32. Kg1 Nd4 33. Kf2 b6 34. bxc5 bxc5 35. Re3 Kf7 36. f4 Be6 37. Re5 Nb3 38. Bd5 Bxd5 39. cxd5 c4 40. Re6 c3 41. Rxd6 c2 42. Rc6 c1Q 43. Rxc1 Nxc1 44. Ke3 Ke7 45. g4 hxg4 46. f5 gxf5 47. h5 g3 48. h6 g2 49. Kf2 g1Q+ 50. Kxg1 Ne2+ 51. Kf2 Nf4 52. Kf3 Ng6 53. h7 Kd6 54. h8Q Nxh8 55. Kf4 Kxd5 56. Kxf5 Kc4 57. Ke4 a5 58. Ke3 a4 59. Kd2 Kb3 60. Kd3 Nf7 61. Kd2 Kb2 62. Kd3 Nd6 63. Kd4 Kb3 64. Kd3 Nc4 0-1

[Event "Valencia 1st"]
[Site "Valencia"]
[Date "2017.05.12"]
[Round "1"]
[White "Perez Camejo, Jesus"]
[Black "Sanchez Alvarez, Kelvin Antonio"]
[Result "1/2-1/2"]
[WhiteElo "2209"]
[BlackElo "2239"]
[PlyCount "120"]
[EventDate "2017.05.12"]
[EventType "tourn"]
[EventRounds "5"]
[EventCountry "VEN"]
[SourceTitle "EXT 2018"]
[Source "ChessBase"]
[SourceDate "2017.10.13"]
[SourceVersion "1"]
[SourceVersionDate "2017.10.13"]
[SourceQuality "1"]

1. e4 c5 2. Nf3 d6 3. g3 Nc6 4. Bg2 g6 5. 0-0 Bg7 6. d3 e5 7. Nbd2 Nge7 8. a4 0-0 9. Nc4 h6 10. c3 Be6 11. Qe2 Qd7 12. Bd2 f5 13. Ne1 f4 14. Bf3 g5 15. Bh5 Kh7 16. f3 Ng8 17. Bg4 Bxg4 18. fxg4 Nf6 19. h3 d5 20. exd5 Qxd5 21. gxf4 exf4 22. Qf3 Rad8 23. Rd1 Qxf3 24. Rxf3 Nd7 25. Bc1 Nde5 26. Nxe5 Nxe5 27. Rf2 Rd6 28. Kg2 Rfd8 29. Rfd2 Ra6 30. b3 Nc6 31. d4 Na5 32. Rb2 cxd4 33. cxd4 Rad6 34. Nf3 Bxd4 35. Nxd4 Rxd4 36. Re1 R8d7 37. h4 Rd3 38. hxg5 hxg5 39. b4 Rg3+ 40. Kf2 Nb3 41. Rc2 Nxc1 42. Rexc1 Rgd3 43. Rc7 Kg6 44. Rxd7 Rxd7 45. a5 Rd4 46. b5 Rd5 47. Rb1 Kf6 48. b6 Rxa5 49. bxa7 Rxa7 50. Rb6+ Ke5 51. Rb5+ Kd4 52. Rxg5 Ke4 53. Rb5 Ra2+ 54. Kg1 f3 55. g5 Ke3 56. Rb1 Ra6 57. Kf1 b5 58. g6 Rxg6 59. Rb3+ Kf4 60. Rxb5 Rg8 1/2-1/2